000 00230nmm a2200085Ia 4500
008 220120s9999||||xx |||||||||||||||||und||
100 _aKloppenborg, Timothy, J
245 0 _aProject management
260 _aTata mcgraw hill company Ltd
999 _c139776
_d139776